| 000 | 00756nam0a22002411 4500 | ||
|---|---|---|---|
| 001 | rc\271505 | ||
| 005 | 20250621004324.0 | ||
| 010 |
_a5-85065-002-4 _9200000 |
||
| 035 | _a(NLR Aleph) 005481894 | ||
| 090 |
_a5128904 _c5128904 |
||
| 100 | _a20030307d1990 |||y0rusy50 ca | ||
| 101 | 0 | _arus | |
| 102 | _aRU | ||
| 105 | _ay ||||||||| | ||
| 200 | 1 |
_aДневник наркоманки _e[Пер. с польского] _f[Послесл. М. Котаньского, с. 86-127] |
|
| 210 |
_aМ. _cТорг.-изд. предприятие "Новелла" _d1990 |
||
| 215 |
_a126, [1] с. _d20 |
||
| 700 | 1 |
_aРосек _bБ. _gБарбара |
|
| 801 | 0 |
_aRU _bNLR _gpsbo |
|
| 801 | 1 |
_aRU _bELAR _2rusmarc |
|
| 852 |
_aNLR _j90-3/11347 |
||
| 942 | _cBOOK | ||
| 980 | _aNB | ||